Films d'horreur - Statistiques

Statistiques générales
  • Ce quiz a été pris 2 033 fois
  • Le résultat moyen est 5 sur 15
Statistiques - réponses
Indices Titre film % Correct
Il attire les enfants de façon clownesque ça
96%
Je sors du ventre de mon hôte, ma dentition est double, mon sang est fait d'acide Alien
67%
Des coups dans les murs, une famille est tourmentée par une entité pendue à un arbre Conjuring
67%
A l'ouverture de l'ascenceur, un flot de sang m'effrait Shining
57%
Une journaliste suit la journée de pompiers mais se retrouve confrontée rapidement à une mise en quarantaine dans un immeuble en espagne Rec
47%
Et si je disais : umbrella corporation Resident evil
35%
Une tâche de sang en forme de main, un enfant voyageur se retrouve aux prises d'un démon Insidious
33%
C'est la série de film avec cochonne !! Saw
33%
c'est pas un film d'horreur ! T'as pas vu joué michael jordan scary movie
24%
Des pimates infectées par un virus déclenchent une fin de l'angleterre tel que nous l'avions connue 28 jours plus tard
21%
Des enfants hypersensibles à la lumière et leur mère sont terrorisés par événements non explicables Les autres
21%
Une fabriquante de poupée, crier signe la fin de votre vie Dead silence
12%
Au nord de paris, dans un HLM, des policiers et malfrats se voient confronter à une vague de zombie La horde
7%
La présence maléfique d'une infirmière hante une famille qui vient tout juste de se retrouver Mama
6%
Attention à ne pas perdre la tête avec ce cavalier Sleep hollow
3%
Aucun quiz correspondant
Distribution des résultats
% des personnes avec chaque résultat
Percentile par nombre de réponses
Votre historique - résultats
Vous n’avez pas pris ce quiz